| 000 | 00521cam a22002171 4500 | ||
|---|---|---|---|
| 001 | sa 68002709 | ||
| 003 | DLC | ||
| 005 | 20260227112446.0 | ||
| 008 | 890418s1966 ii 000 1 urdr | ||
| 010 | _asa 68002709 | ||
| 035 | _a(OCoLC)19565697 | ||
| 040 |
_aDLC _cWaU _dDLC |
||
| 042 | _apremarc | ||
| 050 | 0 | 0 |
_aPK2199.S7 _bK5 1966 |
| 100 | 0 |
_aPremacanda, _d1881-1936. |
|
| 245 | 1 | 0 | _aK̲h̲vāb o k̲h̲ayāl. |
| 260 | _c[1966?] | ||
| 300 |
_a240 p. _c19 cm. |
||
| 500 | _aIn Urdu. | ||
| 500 | _aShort stories. | ||
| 999 |
_c78943 _d78943 |
||